MARC details
| 000 -LEADER |
| campo de control de longitud fija |
03147nam a2200433 i 4500 |
| 001 - NÚMERO DE CONTROL |
| campo de control |
193339 |
| 003 - IDENTIFICADOR DE NÚMERO DE CONTROL |
| campo de control |
SpMaBN |
| 005 - FECHA Y HORA DE LA ÚLTIMA TRANSACCIÓN |
| campo de control |
20250709185213.0 |
| 007 - CAMPO FIJO DE DESCRIPCIÓN FÍSICA--INFORMACIÓN GENERAL |
| campo de control de longitud fija |
ta |
| 008 - DATOS DE LONGITUD FIJA--INFORMACIÓN GENERAL |
| campo de control de longitud fija |
180503r20172013sp | |||| 000 f spa |
| 017 ## - NÚMERO DE COPYRIGHT O DE DEPÓSITO LEGAL |
| Número de copyright o de depósito legal |
B 24354-2017 |
| Agencia que asigna |
Oficina Depósito Legal Barcelona |
| 020 ## - NÚMERO INTERNACIONAL ESTÁNDAR DEL LIBRO |
| Número Internacional Estándar del Libro |
9788435010498 |
| Información calificativa |
obra completa |
| 020 ## - NÚMERO INTERNACIONAL ESTÁNDAR DEL LIBRO |
| Número Internacional Estándar del Libro |
9788435021708 |
| 035 ## - NÚMERO DE CONTROL DEL SISTEMA |
| Número de control de sistema |
(OCoLC)1039944540 |
| 040 ## - FUENTE DE CATALOGACIÓN |
| Centro catalogador/agencia de origen |
SpMaBN |
| Lengua de catalogación |
spa |
| Centro/agencia transcriptor |
SpMaBN |
| Normas de descripción |
rdc |
| 080 ## - NÚMERO DE LA CLASIFICACIÓN DECIMAL UNIVERSAL |
| Número de la Clasificación Decimal Universal |
821.112.2-31"19" |
| 100 1# - ENTRADA PRINCIPAL--NOMBRE DE PERSONA |
| Nombre de persona |
Döblin, Alfred, |
| Fechas asociadas al nombre |
1878-1957 |
| Relación |
aut |
| Número de control del registro de autoridad o número normalizado |
XX1163594 |
| 9 (RLIN) |
44938 |
| Término indicativo de función/relación |
Autor |
| 245 13 - MENCIÓN DEL TÍTULO |
| Título |
El regreso de las tropas del frente / |
| Mención de responsabilidad, etc. |
Alfred Döblin ; traducción de Carlos Fortea |
| 250 ## - MENCION DE EDICION |
| Mención de edición |
Primera edición: noviembre de 2017 |
| 260 ## - PUBLICACIÓN, DISTRIBUCIÓN, ETC. |
| Lugar de publicación, distribución, etc. |
Barcelona : |
| Nombre del editor, distribuidor, etc. |
Edhasa, |
| Fecha de publicación, distribución, etc. |
2017 |
| 300 ## - DESCRIPCIÓN FÍSICA |
| Extensión |
637 páginas ; |
| Dimensiones |
19 cm |
| 336 ## - TIPO DE CONTENIDO |
| Término de tipo de contenido |
Texto (visual) |
| Fuente |
isbdcontent |
| 337 ## - TIPO DE MEDIO |
| Nombre/término del tipo de medio |
sin mediación |
| Fuente |
isbdmedia |
| 338 ## - TIPO DE SOPORTE |
| Fuente |
rdacarrier |
| Nombre/término del tipo de soporte |
volumen |
| 490 0# - MENCIÓN DE SERIE |
| Mención de serie |
Noviembre de 1918, |
| Designación de volumen o secuencia |
2ª parte; v. 2 |
| 490 1# - MENCIÓN DE SERIE |
| Mención de serie |
Pocket Edhasa ; |
| Designación de volumen o secuencia |
515 |
| 520 ## - RESUMEN, ETC. |
| Sumario, etc. |
En anteportada: Noviembre de 1918: una revolución alemana, obra en tres partes - Primera parte: Burgueses y soldados - Segunda parte: v. 1. El pueblo traicionado; v. 2. El regreso de las tropas del frente - Tercera parte: Karl y Rosa |
| Ampliación de la nota de sumario |
"El regreso de las tropas del frente" forma una estrecha unidad con la entrega anterior de este ciclo, "El pueblo traicionado", y en ellos muestra Döblin un Berlín donde algunos habitantes viven en condiciones miserables, mientras otros saben sacar provecho de las oportunidades que la guerra ofrece a los comerciantes sin escrúpulos, a los pequeños y grandes estafadores, y también a los oportunistas políticos, y del choque supone para quienes regresan del frente de guerra el intento de integración en una sociedad tan cambiada respecto a la que en su momento dejaron atrás. Se trata de pequeñas historias personales que van conformando un espléndido mosaico en el que, en perspectiva, podemos ver también la negociación y las consecuencias inmediatas del Tratado de Versalles, que no tardará en cambiar por completo la situación en toda Europa.<br/>Amplísimo fresco del ambiente social y político de un episodio decisivo en la historia de Alemania, la revolución de 1918, que precipitó el cambio desde la monarquía del Reich alemán a la República de Weimar, el ciclo completo se estructura del siguiente modo: Primera parte (Burgueses y soldados), Segunda parte (volumen I: El pueblo traicionado; volumen II: El regreso de las tropas del frente) y tercera parte (Karl y Rosa) |
| 655 #7 - TERMINO DE INDIZACIÓN--GENERO/FORMA |
| Datos o término principal de género/forma |
Novelas históricas |
| Fuente del término |
tgfbne |
| 9 (RLIN) |
226782 |
| 700 1# - ENTRADA AGREGADA--NOMBRE PERSONAL |
| Nombre de persona |
Fortea, Carlos, |
| Fechas asociadas al nombre |
1963- |
| Relación |
trl |
| Término indicativo de función/relación |
Traductor |
| 9 (RLIN) |
51844 |
| 830 ## - PUNTO DE ACCESO ADICIONAL DE SERIE-TÍTULO UNIFORME |
| 9 (RLIN) |
180347 |
| Título uniforme |
Pocket Edhasa |
| 852 ## - LOCALIZACIÓN |
| Ubicación |
ES-MaACL |
| Sublocalización o colección |
R. 154712 |
| Ubicación en estantería |
Depósito J |
| Número de control de estantería |
N-9486 |
| itemnumber |
200785 |
| Donativo/Legado |
Donación: Carlos Fortea |
| Encuadernación |
Encuadernación rústica |
| 903 ## - NOMBRE PERSONAL DE DONANTE |
| a |
Fortea, Carlos, |
| d |
1963- |
| e |
Donante |
| 9 |
51844 |
| 942 ## - ELEMENTOS DE ENTRADA SECUNDARIOS (KOHA) |
| Suprimir en OPAC |
No |
| Tipo de ítem Koha |
Libro impreso |